00762na a2200253 450000100060000000300080000600500170001400800410003102000180007204000250009004100080011508200230012309000220014610000170016824500770018526000650026230000190032765000430034665000340038965000360042370000210045994200130048099900150049323448MIRAKIL20181213155119.0170929b tu 000 0  a9786058967229 aMilasbturcTR-AnCHP atur a324.6bE73ö 2011 a324.6 E73ö 2011 aEsen, Kasım aÖzgür, demokratik ve güvenli seçimcKasım Esen, Özdemir Akbal aİstanbulbBİLGESAM Yayınlarıc2011fEcem basın yayın a170 s.c23 sm. aSeçimlerxSorunlar ve çözümler aSeçim sistemlerixTürkiye aSiyaset ve yönetimxTürkiye aAkbal, Özdemir 2ddccBKS c6789d6789